01795nam a2200373 a 4500001001200000003000800012006001900020007001500039008004100054010001700095020004200112020002700154040002100181035002100202050002300223082001600246245012900262250001200391260006100403300005400464504005100518505034100569533015200910650002401062650001801086650004001104655002901144700004101173700002601214700002101240710001701261856012601278999001701404ebr10662620CaPaEBRm u cr cn|||||||||120912s2013 enkaf sb 001 0 eng d z 2012037179 z9780470670514 (hardback : alk. paper) z9781118520086 (e-book) aCaPaEBRcCaPaEBR a(OCoLC)82913755614aRM171b.P73 2013eb04a615.3/922300aPractical transfusion medicineh[electronic resource] /cedited by Michael F. Murphy, Derwood H. Pamphilon, Nancy M. Heddle. a4th ed. aChichester, West Sussex, U.K. :bWiley-Blackwell,c2013. axvi, 549 p., [8] p. of plates :bill. (some col.) aIncludes bibliographical references and index.0 apt. 1. Basic principles of immunohaematology -- pt. 2. Complications of transfusions -- pt. 3. Practice in blood centres and hospitals -- pt. 4. Clinical transfusion practice -- pt. 5. Alternatives to transfusion -- pt. 6. Cellular and tissue therapy and organ transplantation -- pt. 7. Development of the evidence base for transfusion. aElectronic reproduction.bPalo Alto, Calif. :cebrary,d2013.nAvailable via World Wide Web.nAccess may be limited to ebrary affiliated libraries. 0aBloodxTransfusion. 0aBlood groups. 0aBloodxCollection and preservation. 7aElectronic books.2local1 aMurphy, Michael F.q(Michael Furber)1 aPamphilon, Derwood H.1 aHeddle, Nancy M.2 aebrary, Inc.40uhttp://site.ebrary.com/lib/rucke/Doc?id=10662620zAn electronic book accessible through the World Wide Web; click to view c69983d69983